[Event "2020 Norman Friedman CLASSIC"]
[Site "Chess.com"]
[Date "2020.10.10"]
[Round "4"]
[White "jovial_adversary"]
[Black "Limelight2727"]
[Result "0-1"]
[WhiteElo "1856"]
[BlackElo "1896"]

1. d4 } 1... Nf6 } 2. c4 } 2... e6 } 3. Nc3 } 3... Bb4 } 4. f3 } 4... c5 } 5.
e3 } 5... cxd4 } 6. exd4 } 6... d5 } 7. Bg5 } 7... Nc6 } 8. a3 } 8... Be7 } 9.
Be3 } 9... dxc4 } 10. Bxc4 } 10... Nd5 } 11. Nxd5 } 11... exd5 } 12. Bb5 }
12... Qa5+ } 13. Kf2 } 13... Qxb5 } 14. Qd2 } 14... O-O } 15. Ne2 } 15... Be6
} 16. h4 } 16... Na5 } 17. Nc3 } 17... Qb3 } 18. Qd3 } 18... Nc4 } 19. Bf4 }
19... Nxb2 } 20. Qd2 } 20... Nc4 } 21. Rhb1 } 21... Nxd2 } 22. Rxb3 } 22...
Nxb3 } 23. Rb1 } 23... Nxd4 } 24. Rxb7 } 24... Bxa3 } 25. Be3 } 25... Nf5 }
26. Bxa7 } 26... Rxa7 } {#R} 0-1

[Event "2020 Norman Friedman CLASSIC"]
[Site "Chess.com"]
[Date "2020.10.10"]
[Round "4"]
[White "siegfried23"]
[Black "caracleliem"]
[Result "1-0"]
[WhiteElo "1507"]
[BlackElo "1264"]

1. d4 } 1... d5 } 2. c4 } 2... c6 } 3. Nc3 } 3... Nf6 } 4. Nf3 } 4... e6 } 5.
e3 } 5... Nbd7 } 6. Bd3 } 6... dxc4 } 7. Bxc4 } 7... b5 } 8. Bd3 } 8... a6 }
9. O-O } 9... Bd6 } 10. Qc2 } 10... O-O } 11. Ne4 } 11... Nxe4 } 12. Bxe4 }
12... Bb7 } 13. Bxh7+ } 13... Kh8 } 14. Bd3 } 14... Rc8 } 15. Qe2 } 15... Qc7
} 16. e4 } 16... c5 } 17. e5 } 17... Be7 } 18. Ng5 } 18... Bxg5 } 19. Qh5+ }
{#r} 1-0

[Event "2020 Norman Friedman CLASSIC"]
[Site "Chess.com"]
[Date "2020.10.10"]
[Round "4"]
[White "bentheshed"]
[Black "HandsomeTroll"]
[Result "1-0"]
[WhiteElo "1367"]
[BlackElo "1616"]

1. d4 } 1... Nf6 } 2. c4 } 2... e6 } 3. Nf3 } 3... b6 } 4. e3 } 4... Bb7 } 5.
Be2 } 5... Be7 } 6. Nc3 } 6... d5 } 7. b3 } 7... Nbd7 } 8. O-O } 8... O-O } 9.
Bd3 } 9... c5 } 10. Bc2 } 10... Qc7 } 11. Qd3 } 11... Bd6 } 12. Nb5 } 12...
Qb8 } 13. Nxd6 } 13... Qxd6 } 14. Bb2 } 14... g6 } 15. Ne5 } 15... dxc4 } 16.
bxc4 } 16... Be4 } 17. Qc3 } 17... cxd4 } 18. exd4 } 18... Bxc2 } 19. Qxc2 }
19... Rfc8 } 20. Nxd7 } 20... Nxd7 } 21. Qc3 } 21... Qc6 } 22. d5 } {#r} 1-0

[Event "2020 Norman Friedman CLASSIC"]
[Site "Chess.com"]
[Date "2020.10.10"]
[Round "4"]
[White "NLchaos"]
[Black "little_pikachu_soya"]
[Result "1-0"]
[WhiteElo "1646"]
[BlackElo "1627"]

1. d4 } 1... d5 } 2. Nf3 } 2... Nf6 } 3. e3 } 3... Bf5 } 4. c4 } 4... c6 } 5.
Nc3 } 5... e6 } 6. Nh4 } 6... Bg6 } 7. Nxg6 } 7... hxg6 } 8. Qb3 } 8... Qc7 }
9. Bd2 } 9... Bd6 } 10. h3 } 10... Nbd7 } 11. Rc1 } 11... Qb6 } 12. c5 } 12...
Qxb3 } 13. axb3 } 13... Bc7 } 14. b4 } 14... a6 } 15. f4 } 15... Nh5 } 16. Kf2
} 16... Nhf6 } 17. Bd3 } 17... Ke7 } 18. Rce1 } 18... Rhe8 } 19. Kf3 } 19...
Kf8 } 20. Re2 } 20... Re7 } 21. Be1 } 21... Rae8 } 22. Bh4 } 22... Rc8 } 23.
g4 } 23... Ree8 } 24. Rf1 } 24... Kg8 } 25. Bxf6 } 25... Nxf6 } 26. h4 } 26...
Rcd8 } 27. Rh1 } 27... Kf8 } 28. Reh2 } 28... Ke7 } 29. Rh3 } 29... Rh8 } 30.
Ne2 } 30... Rh7 } 31. h5 } 31... Rdh8 } 32. Kg3 } 32... Ne4+ } 33. Bxe4 }
33... dxe4 } 34. hxg6 } 34... Rxh3+ } 35. Rxh3 } 35... Rxh3+ } 36. Kxh3 }
36... fxg6 } 37. Nc3 } 37... Kf7 } 38. Nxe4 } 38... Bb8 } 39. Ng5+ } 39... Kf6
} 40. Nf3 } 40... Kf7 } 41. Ne5+ } 41... Bxe5 } 42. dxe5 } 42... Ke7 } 43. Kh4
} 43... Kf7 } 44. Kg5 } 44... Kf8 } 45. Kxg6 } 45... Kg8 } 46. e4 } 46... Kf8
} 47. f5 } 47... exf5 } 48. exf5 } 48... Kg8 } 49. g5 } 49... Kf8 } 50. f6 }
50... gxf6 } 51. gxf6 } 51... Ke8 } 52. Kg7 } 52... a5 } 53. f7+ } 53... Kd7 }
54. f8=Q } 54... axb4 } 55. Qd6+ } 55... Kc8 } 56. e6 } 56... b3 } 57. e7 }
57... b5 } 58. e8=Q+ } 58... Kb7 } 59. Qeb8+ } 59... Ka6 } 60. Qxc6+ } 60...
Ka5 } 61. Qbxb5# } 1-0

[Event "2020 Norman Friedman CLASSIC"]
[Site "Chess.com"]
[Date "2020.10.10"]
[Round "4"]
[White "chesspilot01"]
[Black "amachin1337"]
[Result "0-1"]
[WhiteElo "2269"]
[BlackElo "1804"]

1. e4 } 1... d6 } 2. d4 } 2... Nf6 } 3. Nc3 } 3... Nbd7 } 4. Nf3 } 4... e5 }
5. dxe5 } 5... dxe5 } 6. Bc4 } 6... Be7 } 7. O-O } 7... c6 } 8. h3 } 8... Qc7
} 9. Be3 } 9... h6 } 10. a4 } 10... g5 } 11. Nh2 } 11... Nf8 } 12. Qf3 } 12...
Ng6 } 13. Rfd1 } 13... Rg8 } 14. Ng4 } 14... Bxg4 } 15. hxg4 } 15... Nf4 } 16.
g3 } 16... Bd6 } 17. gxf4 } 17... gxf4 } 18. Bd2 } 18... Nxg4 } 19. Kh1 }
19... Qe7 } 20. Qg2 } 20... Qh4+ } 21. Kg1 } 21... O-O-O } 22. Kf1 } 22...
Nh2+ } 23. Qxh2 } 23... Qxh2 } 24. Ke2 } 24... Bc5 } 25. Rf1 } 25... f3+ }
{#R} 0-1

[Event "2020 Norman Friedman CLASSIC"]
[Site "Chess.com"]
[Date "2020.10.10"]
[Round "4"]
[White "BatmanNelson"]
[Black "TofuNightmare"]
[Result "1-0"]
[WhiteElo "1353"]
[BlackElo "892"]

1. e4 } 1... d5 } 2. exd5 } 2... Nf6 } 3. Nc3 } 3... c6 } 4. dxc6 } 4... Nxc6
} 5. Nf3 } 5... Bg4 } 6. h3 } 6... Bf5 } 7. Bb5 } 7... Qd6 } 8. d3 } 8... a6 }
9. Ba4 } 9... b5 } 10. Bb3 } 10... e6 } 11. O-O } 11... Na5 } 12. Be3 } 12...
Be7 } 13. Qd2 } 13... O-O } 14. Bf4 } 14... Qd8 } 15. Ne5 } 15... Nxb3 } 16.
axb3 } 16... Nh5 } 17. Nc6 } 17... Qd7 } 18. Nxe7+ } 18... Qxe7 } 19. Be3 }
19... Rad8 } 20. g4 } 20... Bg6 } 21. gxh5 } 21... Bxh5 } 22. f3 } 22... Qh4 }
23. Qg2 } 23... f6 } 24. Rxa6 } 24... e5 } 25. Nxb5 } 25... g5 } 26. f4 }
26... Rd7 } 27. Bd2 } 27... Rg7 } 28. Be1 } 28... Qxe1 } 29. Rxe1 } 29... gxf4
} 30. Qxg7+ } 30... Kxg7 } 31. c4 } 31... Rg8 } 32. Kf2 } 32... Be8 } 33. Rg1+
} 33... Kf7 } 34. Rxg8 } 34... Kxg8 } 35. Nc7 } 35... Bd7 } 36. h4 } 36... Bf5
} 37. Rd6 } 37... Kf7 } 38. Nd5 } 38... Bxd3 } 39. Nxf6 } 39... Bf5 } 40. Kf3
} 40... Ke7 } 41. Ra6 } 41... Bc8 } 42. Rb6 } 42... h6 } 43. Ne4 } 43... Bf5 }
44. Rxh6 } 44... Kf7 } 45. b4 } 45... Bc8 } 46. Rf6+ } 46... Ke7 } 47. h5 }
47... Bb7 } 48. Rb6 } 48... Kf7 } {#r} 1-0

[Event "2020 Norman Friedman CLASSIC"]
[Site "Chess.com"]
[Date "2020.10.10"]
[Round "4"]
[White "B1ad3z"]
[Black "Jeffrey944"]
[Result "0-1"]
[WhiteElo "1425"]
[BlackElo "1502"]

1. d4 } 1... Nf6 } 2. c4 } 2... g6 } 3. Nc3 } 3... d5 } 4. Nf3 } 4... Bg7 } 5.
Bd2 } 5... O-O } 6. Qc1 } 6... Re8 } 7. Bh6 } 7... Bh8 } 8. cxd5 } 8... Nxd5 }
9. e3 } 9... c6 } 10. Bd3 } 10... Nxc3 } 11. Qxc3 } 11... Nd7 } 12. h4 } 12...
c5 } 13. h5 } 13... cxd4 } 14. Nxd4 } 14... Ne5 } 15. Ke2 } 15... Nxd3 } 16.
Qxd3 } 16... e5 } 17. hxg6 } 17... hxg6 } 18. Nc2 } 18... Qxd3+ } 19. Kxd3 }
19... e4+ } 20. Ke2 } 20... Bxb2 } 21. Rab1 } 21... Bf6 } 22. Rh2 } 22... b6 }
23. Rbh1 } 23... Bc3 } 24. Nd4 } 24... Ba6+ } 25. Kd1 } 25... f5 } 26. Bg5 }
26... Bxd4 } 27. exd4 } 27... Bc4 } 28. Rh8+ } 28... Kf7 } 29. R1h7+ } 29...
Ke6 } 30. Rxe8+ } 30... Rxe8 } 31. Rxa7 } 31... Kd5 } 32. Bf6 } 32... e3 } 33.
fxe3 } 33... Rxe3 } 34. Rd7+ } 34... Kc6 } 35. Rg7 } 35... Bxa2 } 36. Rxg6 }
36... Kd5 } 37. Be5 } 37... b5 } 38. Ra6 } 38... Bc4 } 39. Rf6 } 39... Ke4 }
40. Rc6 } 40... Kd3 } 41. Rf6 } 41... Ke4 } 42. Rc6 } 42... Kd3 } 43. Rb6 }
43... Re2 } 44. Ra6 } 44... Rxg2 } 45. Ra3+ } 45... Ke4 } 46. Bf6 } 46... f4 }
47. Ra8 } 47... b4 } 48. Re8+ } 48... Kd3 } 49. Re1 } 49... Ra2 } 50. d5 }
50... Bxd5 } 51. Rf1 } 51... Bb3+ } 52. Ke1 } 52... Re2# } 0-1

[Event "2020 Norman Friedman CLASSIC"]
[Site "Chess.com"]
[Date "2020.10.10"]
[Round "4"]
[White "karens7"]
[Black "bigdonkeyhead"]
[Result "0-1"]
[WhiteElo "940"]
[BlackElo "1435"]

1. d4 } 1... d5 } 2. c4 } 2... c6 } 3. Nc3 } 3... Nf6 } 4. Nf3 } 4... Bf5 } 5.
e3 } 5... Nbd7 } 6. Bd3 } 6... Bxd3 } 7. Qxd3 } 7... e6 } 8. O-O } 8... Bd6 }
9. b3 } 9... Qc7 } 10. g3 } 10... O-O } 11. Re1 } 11... e5 } 12. dxe5 } 12...
Nxe5 } 13. Nxe5 } 13... Bxe5 } 14. Bb2 } 14... Rad8 } 15. Qe2 } 15... dxc4 }
16. Qxc4 } 16... Rd2 } 17. Rab1 } 17... Qc8 } 18. f4 } 18... Bc7 } 19. Re2 }
19... Rdd8 } 20. Ne4 } 20... Nd5 } 21. Qd4 } 21... f6 } 22. Qxa7 } 22... Bb6 }
23. Qa4 } 23... Qh3 } 24. Bd4 } 24... Bxd4 } 25. exd4 } 25... Qg4 } 26. Ree1 }
26... Nxf4 } 27. Nf2 } 27... Qg6 } 28. Qb4 } 28... Ne2+ } 29. Kg2 } 29... Nf4+
} 30. Kf1 } 30... Nd5 } 31. Qxb7 } 31... Ne3+ } 32. Kg1 } 32... Nc2 } 33. Red1
} 33... Nxd4 } 34. Qb6 } 34... Nf3+ } 35. Kg2 } 35... Rxd1 } 36. Rxd1 } 36...
Ne5 } 37. Rd8 } 37... Qc2 } 38. Rxf8+ } 38... Kxf8 } 39. Qd8+ } 39... Kf7 }
40. Qc7+ } 40... Kg6 } 41. a4 } 41... Qxb3 } 42. a5 } 42... Qd5+ } 43. Kf1 }
43... Qb5+ } 44. Kg2 } 44... Nc4 } 45. h4 } 45... Nxa5 } 46. Qf4 } 46... Qd5+
} 47. Kh3 } 47... Qf5+ } 48. Qxf5+ } 48... Kxf5 } 49. Nd3 } 49... h5 } 50. Nf4
} 50... g6 } 51. Nd3 } 51... Nb3 } 52. Nb4 } 52... c5 } 53. Nd5 } 53... c4 }
54. Kg2 } 54... Ke5 } 55. Nc3 } 55... Nc5 } 56. Kf3 } 56... Kd4 } 57. Nb5+ }
57... Kd3 } 58. Kf4 } 58... c3 } 59. Nxc3 } 59... Kxc3 } 60. Kf3 } 60... Kd4 }
61. Kf4 } 61... Nd3+ } 62. Kf3 } 62... Ke5 } 63. Ke3 } 63... Nc5 } 64. Kf3 }
64... Ne4 } 65. g4 } 65... Nd2+ } 66. Kg3 } 66... Nf1+ } 67. Kf3 } 67... Nh2+
} 68. Kg3 } 68... Nxg4 } 69. Kf3 } 69... f5 } 70. Ke2 } 70... Ke4 } 71. Kf1 }
71... Ke3 } 72. Kg2 } 72... f4 } 73. Kf1 } 73... f3 } 74. Kg1 } 74... Ke2 }
75. Kh1 } 75... f2 } 76. Kg2 } 76... f1=Q+ } 77. Kg3 } 77... Qf3# } 0-1

[Event "2020 Norman Friedman CLASSIC"]
[Site "Chess.com"]
[Date "2020.10.10"]
[Round "5"]
[White "Limelight2727"]
[Black "Jeffrey944"]
[Result "1-0"]
[WhiteElo "1939"]
[BlackElo "1497"]

1. d4 } 1... Nf6 } 2. c4 } 2... g6 } 3. Nc3 } 3... d5 } 4. Nf3 } 4... Bg7 } 5.
Bf4 } 5... O-O } 6. e3 } 6... c6 } 7. Bd3 } 7... Bg4 } 8. h3 } 8... Bxf3 } 9.
Qxf3 } 9... dxc4 } 10. Bxc4 } 10... Nbd7 } 11. O-O } 11... Nb6 } 12. Bb3 }
12... Nbd5 } 13. Be5 } 13... Nxc3 } 14. bxc3 } 14... Nd7 } 15. Bxg7 } 15...
Kxg7 } 16. Rad1 } 16... e6 } 17. e4 } 17... Qf6 } 18. Qg3 } 18... e5 } 19.
dxe5 } 19... Nxe5 } 20. f4 } {#r} 1-0

[Event "2020 Norman Friedman CLASSIC"]
[Site "Chess.com"]
[Date "2020.10.10"]
[Round "5"]
[White "jovial_adversary"]
[Black "WaSabi5829"]
[Result "1-0"]
[WhiteElo "1870"]
[BlackElo "1741"]

1. b3 } 1... Nf6 } 2. Bb2 } 2... g6 } 3. g3 } 3... Bg7 } 4. Bg2 } 4... O-O }
5. c4 } 5... c5 } 6. Nf3 } 6... Nc6 } 7. d4 } 7... d6 } 8. O-O } 8... Bf5 } 9.
a3 } 9... a5 } 10. d5 } 10... Nb8 } 11. Nfd2 } 11... Nbd7 } 12. e4 } 12... Bg4
} 13. f3 } 13... Ne5 } 14. Bxe5 } 14... Bd7 } 15. Bb2 } 15... Qc8 } 16. Nc3 }
16... Bh3 } 17. Rb1 } 17... Bxg2 } 18. Kxg2 } 18... Nh5 } 19. Nb5 } 19... Bh6
} 20. f4 } 20... f5 } 21. e5 } 21... dxe5 } 22. Bxe5 } 22... Ra6 } 23. Nf3 }
23... Qe8 } 24. Nc7 } 24... Qf7 } 25. Nxa6 } 25... bxa6 } 26. d6 } 26... exd6
} 27. Qxd6 } 27... a4 } 28. Qd5 } 28... axb3 } 29. Qxf7+ } 29... Rxf7 } 30.
Rxb3 } 30... Rd7 } 31. Rf2 } 31... Rd1 } 32. Rd2 } 32... Rxd2+ } 33. Nxd2 }
{#r} 1-0

[Event "2020 Norman Friedman CLASSIC"]
[Site "Chess.com"]
[Date "2020.10.10"]
[Round "5"]
[White "bigdonkeyhead"]
[Black "BatmanNelson"]
[Result "0-1"]
[WhiteElo "1425"]
[BlackElo "1374"]

1. e4 } 1... e6 } 2. Nf3 } 2... d5 } 3. exd5 } 3... exd5 } 4. d4 } 4... Nc6 }
5. Bb5 } 5... Bd7 } 6. Nc3 } 6... Nf6 } 7. O-O } 7... Bd6 } 8. Bg5 } 8... O-O
} 9. Nxd5 } 9... Be7 } 10. Nxe7+ } 10... Nxe7 } 11. Bxd7 } 11... Nxd7 } 12.
Re1 } 12... Re8 } 13. Qe2 } 13... Kf8 } 14. Qe4 } 14... h6 } 15. Bh4 } 15...
c6 } 16. Qh7 } 16... f6 } 17. Rad1 } 17... Kf7 } 18. Re4 } 18... Ng6 } 19.
Rxe8 } 19... Qxe8 } 20. Re1 } 20... Qd8 } 21. Bg3 } 21... Qb6 } 22. h4 } 22...
Rh8 } 23. Re7+ } 23... Kxe7 } 24. Qxg7+ } 24... Kd8 } 25. Qxg6 } 25... Qxb2 }
26. Qg7 } 26... Rf8 } 27. Bd6 } 27... Re8 } 28. Qxh6 } 28... Qxa2 } 29. h5 }
29... Qxc2 } 30. Qe3 } 30... Rxe3 } 31. fxe3 } 31... Qh7 } 32. g4 } 32... Qg7
} 33. Nh2 } 33... f5 } 34. Nf3 } 34... Qxg4+ } 35. Kf2 } 35... Qxh5 } 36. Bf4
} 36... Qe8 } 37. Ng5 } 37... b5 } 38. Ke2 } 38... b4 } 39. Kd2 } 39... a5 }
40. Kc2 } 40... a4 } 41. Bd6 } 41... b3+ } 42. Kb2 } 42... Nb6 } 43. Bc5 }
43... Nc4+ } 44. Kc3 } 44... b2 } 45. Bb6+ } 45... Kd7 } {#R} 0-1

[Event "2020 Norman Friedman CLASSIC"]
[Site "Chess.com"]
[Date "2020.10.10"]
[Round "5"]
[White "TofuNightmare"]
[Black "iwillbeatyou2day"]
[Result "1-0"]
[WhiteElo "939"]
[BlackElo "1037"]

1. d4 } 1... d5 } 2. c4 } 2... c6 } 3. Nf3 } 3... Nf6 } 4. Bg5 } 4... e6 } 5.
e3 } 5... h6 } 6. Bh4 } 6... g5 } 7. Bg3 } 7... Bg7 } 8. Be5 } 8... O-O } 9.
Bd3 } 9... Qe7 } 10. cxd5 } 10... cxd5 } 11. Qb3 } 11... Nc6 } 12. O-O } 12...
Nxe5 } 13. Nxe5 } 13... Qe8 } 14. Nd2 } 14... Nd7 } 15. Nxd7 } 15... Qxd7 }
16. Nf3 } 16... Qc7 } 17. Rac1 } 17... Qd6 } 18. Rfe1 } 18... f5 } 19. Qc3 }
19... Qb6 } 20. b3 } 20... Bd7 } 21. Qc7 } 21... Qxc7 } 22. Rxc7 } 22... Bc6 }
23. b4 } 23... Rab8 } 24. b5 } 24... Be8 } 25. a4 } 25... Rf7 } 26. Rc2 }
26... g4 } 27. Nh4 } 27... Re7 } 28. Rec1 } 28... Bd7 } 29. Ng6 } 29... Rf7 }
30. Nf4 } 30... e5 } 31. Nh5 } 31... e4 } 32. Be2 } 32... Kh7 } 33. Nxg7 }
33... Rxg7 } 34. Rc5 } 34... Be6 } 35. Rc7 } 35... h5 } 36. Rxg7+ } 36... Kxg7
} 37. Rc7+ } 37... Kg6 } 38. a5 } 38... b6 } 39. Rxa7 } 39... bxa5 } 40. Rxa5
} 40... Kg5 } 41. Ra6 } 41... Bd7 } 42. b6 } 42... Bc8 } 43. b7 } 43... Bxb7 }
44. Rb6 } 44... f4 } 45. Ba6 } 45... g3 } 46. fxg3 } 46... fxg3 } 47. Rxb7 }
47... gxh2+ } 48. Kxh2 } 48... Rf8 } 49. Kg3 } 49... h4+ } 50. Kh3 } 50... Rf2
} 51. Rh7 } 51... Ra2 } 52. Bb7 } 52... Re2 } 53. Rxh4 } 53... Rxe3+ } 54. g3
} 54... Rf3 } 55. Bxd5 } 55... Rd3 } 56. Bxe4 } 56... Rxd4 } 57. Rg4+ } 57...
Kh5 } 58. Bg6+ } 58... Kh6 } 59. Rxd4 } 59... Kxg6 } 60. g4 } 60... Kg5 } 61.
Rd5+ } 61... Kg6 } 62. Kh4 } 62... Kg7 } 63. Kh5 } 63... Kg8 } 64. Kh6 } 64...
Kf7 } 65. Rd7+ } 65... Kf6 } 66. g5+ } 66... Ke6 } 67. Ra7 } 67... Kd6 } 68.
g6 } 68... Ke6 } 69. g7 } 69... Kf6 } 70. g8=Q } 70... Ke5 } 71. Qg6 } 71...
Kd5 } 72. Ra5+ } 72... Kc4 } 73. Qg4+ } 73... Kb3 } 74. Rh5 } 74... Kc2 } 75.
Rh3 } 75... Kd2 } 76. Qg2+ } 76... Ke1 } 77. Rh1# } 1-0

[Event "2020 Norman Friedman CLASSIC"]
[Site "Chess.com"]
[Date "2020.10.10"]
[Round "5"]
[White "little_pikachu_soya"]
[Black "bentheshed"]
[Result "1-0"]
[WhiteElo "1630"]
[BlackElo "1363"]

1. d4 } 1... d5 } 2. c4 } 2... c6 } 3. e3 } 3... Bf5 } 4. Qb3 } 4... b6 } 5.
cxd5 } 5... cxd5 } 6. Nc3 } 6... Nf6 } 7. Bb5+ } 7... Nbd7 } 8. Nxd5 } 8...
Nxd5 } 9. Qxd5 } 9... e6 } 10. Bxd7+ } 10... Qxd7 } 11. Qxa8+ } 11... Ke7 }
12. Qf3 } 12... Qb5 } 13. Qb7+ } 13... Kf6 } 14. Qf3 } 14... Bb4+ } 15. Bd2 }
15... Bxd2+ } 16. Kxd2 } 16... Qxb2+ } 17. Ke1 } 17... Qxa1+ } 18. Qd1 } 18...
Qxa2 } 19. Nf3 } 19... Bc2 } 20. Qc1 } 20... Qa5+ } 21. Nd2 } 21... Bd3 } 22.
f3 } 22... Rc8 } 23. Qxc8 } 23... Qa1+ } 24. Kf2 } 24... Qxh1 } 25. Qd8+ }
25... Kg6 } 26. Qc7 } 26... h6 } 27. Qc3 } 27... Ba6 } 28. Qc2+ } 28... Kf6 }
29. Ne4+ } 29... Ke7 } 30. Qc7+ } 30... Ke8 } 31. Nd6+ } 31... Kf8 } 32. Qd8#
} 1-0

[Event "2020 Norman Friedman CLASSIC"]
[Site "Chess.com"]
[Date "2020.10.10"]
[Round "5"]
[White "HandsomeTroll"]
[Black "karens7"]
[Result "1-0"]
[WhiteElo "1617"]
[BlackElo "939"]

1. d4 } 1... d5 } 2. Bf4 } 2... e6 } 3. e3 } 3... Nf6 } 4. Nf3 } 4... Bd6 } 5.
Bg3 } 5... Bxg3 } 6. hxg3 } 6... O-O } 7. c3 } 7... h6 } 8. Nbd2 } 8... Nc6 }
9. Bd3 } 9... b6 } 10. Qe2 } 10... a5 } 11. e4 } 11... dxe4 } 12. Nxe4 } 12...
Re8 } 13. Ne5 } 13... Nxe5 } 14. dxe5 } 14... Nd7 } 15. f4 } 15... f6 } 16.
exf6 } 16... Nxf6 } 17. Nxf6+ } 17... Qxf6 } 18. Qe4 } 18... Ba6 } 19. Bxa6 }
19... Rxa6 } 20. O-O-O } 20... Raa8 } 21. Rd7 } 21... Rac8 } 22. Qc6 } 22...
e5 } 23. Qxf6 } 23... gxf6 } 24. Rxh6 } 24... exf4 } 25. gxf4 } 25... Re1+ }
26. Kd2 } 26... Rg1 } 27. Rg6+ } 27... Kh8 } 28. Rgg7 } 28... Ra1 } 29. a3 }
29... Ra2 } 30. Kc2 } 30... Ra1 } 31. Rxc7 } 31... Rxc7 } 32. Rxc7 } 32... Rf1
} 33. g3 } 33... a4 } 34. Rc6 } 34... b5 } 35. Rxf6 } 35... Rf2+ } 36. Kb1 }
36... Rg2 } 37. Rg6 } 37... Kh7 } 38. Rg5 } 38... Kh6 } 39. Rxb5 } 39... Rxg3
} 40. Rb4 } 40... Rg1+ } 41. Ka2 } 41... Kg6 } 42. Rxa4 } 42... Kf5 } 43. Kb3
} 43... Rg3 } 44. Rd4 } 44... Re3 } 45. Kc4 } 45... Re8 } 46. b4 } 46... Ra8 }
47. Kb3 } 47... Re8 } 48. a4 } 48... Rb8 } 49. a5 } 49... Kf6 } 50. Ka4 }
50... Re8 } 51. c4 } 51... Kf5 } 52. b5 } 52... Re1 } 53. a6 } 53... Ra1+ }
54. Kb4 } 54... Rb1+ } 55. Kc5 } 55... Ra1 } 56. Kb6 } 56... Re1 } 57. c5 }
57... Re6+ } 58. c6 } 58... Kf6 } 59. Rd5 } 59... Re4 } 60. c7 } 60... Ke6 }
61. Re5+ } 61... Rxe5 } 62. fxe5 } 62... Kxe5 } 63. c8=Q } {#r} 1-0

[Event "2020 Norman Friedman CLASSIC"]
[Site "Chess.com"]
[Date "2020.10.10"]
[Round "5"]
[White "siegfried23"]
[Black "B1ad3z"]
[Result "1-0"]
[WhiteElo "1513"]
[BlackElo "1419"]

1. d4 } 1... Nf6 } 2. c4 } 2... g6 } 3. Nc3 } 3... Bg7 } 4. e4 } 4... d6 } 5.
Nf3 } 5... O-O } 6. Be2 } 6... Re8 } 7. O-O } 7... e5 } 8. d5 } 8... Nh5 } 9.
Be3 } 9... f5 } 10. exf5 } 10... Bxf5 } 11. Bg5 } 11... Bf6 } 12. h4 } 12...
Bxg5 } 13. Nxg5 } 13... Nf4 } 14. Bg4 } 14... Bxg4 } 15. Qxg4 } 15... Qf6 }
16. g3 } 16... Nd3 } 17. Nce4 } 17... Qg7 } 18. Ne6 } 18... Qe7 } 19. Rab1 }
19... Nd7 } 20. b4 } 20... Nf8 } 21. Nxf8 } 21... Rxf8 } 22. Qe2 } 22... Nf4 }
23. gxf4 } 23... Qxh4 } 24. Rb3 } 24... Rxf4 } 25. f3 } 25... Raf8 } 26. Qg2 }
26... Rxe4 } 27. fxe4 } 27... Rxf1+ } 28. Kxf1 } 28... Qf4+ } 29. Qf3 } 29...
Qc1+ } 30. Kf2 } 30... Qd2+ } 31. Kg3 } 31... Qe1+ } 32. Qf2 } 32... Qxe4 }
33. Rf3 } 33... Qxc4 } 34. Rf8+ } 34... Kg7 } 35. Qf7+ } 35... Kh6 } 36. Rh8 }
36... Qc3+ } 37. Kg2 } 37... Qd2+ } 38. Kf3 } 38... Qd3+ } 39. Kg2 } 39...
Qe2+ } 40. Qf2 } 40... Qg4+ } 41. Qg3 } 41... Qe2+ } 42. Kh3 } 42... Qf1+ }
43. Qg2 } 43... Qf5+ } 44. Qg4 } 44... Qf1+ } 45. Kg3 } 45... Qg1+ } 46. Kh3 }
46... Qf1+ } 47. Qg2 } 47... Qf5+ } 48. Kh2 } 48... Qf4+ } 49. Qg3 } 49...
Qd2+ } 50. Kh3 } 50... Qd4 } 51. Qh4+ } 51... Qxh4+ } 52. Kxh4 } 52... g5+ }
53. Kg4 } 53... Kg6 } 54. Rc8 } 54... h5+ } 55. Kg3 } 55... Kf5 } 56. Rxc7 }
56... h4+ } 57. Kh3 } 57... e4 } 58. Rxb7 } 58... Kf4 } 59. Rxa7 } 59... e3 }
60. Re7 } 60... Kf3 } 61. b5 } 61... g4+ } 62. Kxh4 } 62... g3 } 63. Rxe3+ }
63... Kxe3 } 64. Kxg3 } 64... Kd4 } 65. b6 } 65... Kxd5 } 66. a4 } 66... Kc6 }
67. a5 } 67... Kb7 } 68. Kf4 } 68... Ka6 } 69. Ke4 } 69... Kxa5 } 70. b7 }
70... Kb5 } 71. b8=Q+ } 71... Kc5 } 72. Qc7+ } 72... Kb5 } 73. Qxd6 } 73...
Kc4 } 74. Qd5+ } 74... Kb4 } 75. Qc6 } 75... Ka5 } 76. Qb7 } 76... Ka4 } 77.
Kd4 } 77... Ka3 } 78. Kc3 } 78... Ka2 } 79. Qb2# } 1-0

[Event "2020 Norman Friedman CLASSIC"]
[Site "Chess.com"]
[Date "2020.10.10"]
[Round "5"]
[White "NLchaos"]
[Black "chesspilot01"]
[Result "0-1"]
[WhiteElo "1645"]
[BlackElo "2272"]

1. d4 } 1... d5 } 2. Nf3 } 2... Nf6 } 3. e3 } 3... c5 } 4. dxc5 } 4... Nc6 }
5. Bb5 } 5... e6 } 6. O-O } 6... Bxc5 } 7. c4 } 7... a6 } 8. cxd5 } 8... axb5
} 9. dxc6 } 9... bxc6 } 10. Qc2 } 10... Qe7 } 11. Nbd2 } 11... Bb7 } 12. Nb3 }
12... Bd6 } 13. e4 } 13... e5 } 14. Bg5 } 14... O-O } 15. Rfd1 } 15... Rfd8 }
16. a3 } 16... h6 } 17. Bxf6 } 17... Qxf6 } 18. Qc3 } 18... Qe7 } 19. Na5 }
19... c5 } 20. Nxb7 } 20... Qxb7 } 21. Qc2 } 21... f6 } 22. Nh4 } 22... Bf8 }
23. Nf5 } 23... g6 } 24. Ng3 } 24... Rd4 } 25. Rxd4 } 25... cxd4 } 26. Rc1 }
26... Rd8 } 27. Qb3+ } 27... Kg7 } 28. Nf1 } 28... Rd7 } 29. Qd3 } 29... h5 }
30. h3 } 30... Be7 } 31. g4 } 31... h4 } 32. Nd2 } 32... g5 } 33. Kf1 } 33...
Bd6 } 34. Ke2 } 34... Rc7 } 35. Kd1 } 35... Rxc1+ } 36. Kxc1 } 36... Qc6+ }
37. Qc2 } 37... Qb7 } 38. Qd3 } 38... Be7 } 39. Qb3 } 39... b4 } 40. a4 }
40... Qc6+ } 41. Qc4 } 41... Qb6 } 42. f3 } 42... Qd6 } 43. b3 } 43... d3 }
44. a5 } 44... Bd8 } 45. a6 } 45... Bb6 } 46. Qc8 } 46... Be3 } 47. Qb7+ }
47... Kg6 } 48. a7 } 48... Qc5+ } 49. Kb1 } 49... Qc2+ } 50. Ka1 } 50... Bd4#
} 0-1